| 000 | 00625nam a22002177a 4500 | ||
|---|---|---|---|
| 005 | 20171003112845.0 | ||
| 010 | _a939050 | ||
| 020 |
_c00.00 _a070690703 |
||
| 035 | _a939050 | ||
| 037 | _bCen Lib/Ret | ||
| 082 |
_a658.15 _bPAN |
||
| 100 | _aPandey, I. M. | ||
| 245 |
_aFinancial management / _cby I. M. Pandey |
||
| 260 |
_aNew Delhi _bVikas Publishing House _c1979 |
||
| 270 |
_bNew Delhi _e110002 _a5, Ansari Road, Darya Ganj |
||
| 300 |
_a549p. _c21cm(Hb) |
||
| 500 | _aIncludes index | ||
| 650 | _aManagerial accounting | ||
| 650 | _aSaving and investment | ||
| 942 |
_2ddc _cEN _h658.15 _mPAN |
||
| 999 |
_c133439 _d133439 |
||